Lingkaran pasifik dalam abad ke-21 : (Record no. 25)

000 -LEADER
fixed length control field nam a22 a 4500
003 - CONTROL NUMBER IDENTIFIER
control field AKMAL
005 - DATE AND TIME OF LATEST TRANSACTION
control field 20170413115436.0
008 - FIXED-LENGTH DATA ELEMENTS--GENERAL INFORMATION
fixed length control field 170413s2003 my 00 may d
020 ## - INTERNATIONAL STANDARD BOOK NUMBER
International Standard Book Number 9676113751 (kkt.) :
Terms of availability RM18.90
040 ## - CATALOGING SOURCE
Original cataloging agency AKMAL
082 04 - DEWEY DECIMAL CLASSIFICATION NUMBER
Classification number 337.11823
Edition number 21
090 00 - LOCALLY ASSIGNED LC-TYPE CALL NUMBER (OCLC); LOCAL CALL NUMBER (RLIN)
Classification number (OCLC) (R) ; Classification number, CALL (RLIN) (NR) 337.11823
Local cutter number (OCLC) ; Book number/undivided call number, CALL (RLIN) LIN
245 00 - TITLE STATEMENT
Title Lingkaran pasifik dalam abad ke-21 :
Remainder of title hubungan dan kerjasama di Asia-Pasifik /
Statement of responsibility, etc. dengan pengenalan oleh Dr. Mahathir Mohamad ; penterjemah Jurina Pieei
260 ## - PUBLICATION, DISTRIBUTION, ETC.
Place of publication, distribution, etc. Kuala Lumpur :
Name of publisher, distributor, etc. Utusan Publications & Distributors,
Date of publication, distribution, etc. 2003
300 00 - PHYSICAL DESCRIPTION
Extent xvi, 88ms. ;
Dimensions 25cm.
504 ## - BIBLIOGRAPHY, ETC. NOTE
Bibliography, etc. note Mengandungi rujukan bibliografi
650 #0 - SUBJECT ADDED ENTRY--TOPICAL TERM
Topical term or geographic name entry element Economic forecasting
Geographic subdivision Pacific Area
9 (RLIN) 85
651 #0 - SUBJECT ADDED ENTRY--GEOGRAPHIC NAME
Geographic name Pasific Area
Chronological subdivision 21st century
9 (RLIN) 92
651 #0 - SUBJECT ADDED ENTRY--GEOGRAPHIC NAME
Geographic name Asia
General subdivision Foreign economic relations
9 (RLIN) 93
651 #0 - SUBJECT ADDED ENTRY--GEOGRAPHIC NAME
Geographic name Pacific Area
General subdivision Foreign economic relations
9 (RLIN) 94
700 0# - ADDED ENTRY--PERSONAL NAME
Personal name Jurina Pieei
9 (RLIN) 95
700 0# - ADDED ENTRY--PERSONAL NAME
Personal name Mahathir Mohamad,
Titles and other words associated with a name Tun,
Dates associated with a name 1925-
9 (RLIN) 41
942 ## - ADDED ENTRY ELEMENTS (KOHA)
Source of classification or shelving scheme
Koha item type Book
Holdings
Withdrawn status Lost status Source of classification or shelving scheme Damaged status Not for loan Collection code Home library Current library Shelving location Date acquired Inventory number Total Checkouts Full call number Barcode Date last seen Price effective from Koha item type
          NON-FICTION AKMAL Melaka AKMAL Melaka PINJAMAN 13.04.2017 303670   337.11823 LIN 201700057 13.04.2017 13.04.2017 Book
          NON-FICTION AKMAL Melaka AKMAL Melaka PINJAMAN 13.04.2017 303905   337.11823 LIN 201705642 11.05.2017 13.04.2017 Book
          NON-FICTION AKMAL Melaka AKMAL Melaka PINJAMAN 13.04.2017 303636   337.11823 LIN 201705643 11.05.2017 13.04.2017 Book
          NON-FICTION AKMAL Melaka AKMAL Melaka PINJAMAN 18.01.2023 000259   337.11823 LIN 201708145 18.01.2023 18.01.2023 Book
          NON-FICTION AKMAL Melaka AKMAL Melaka PINJAMAN 18.01.2023 000260   337.11823 201708146 18.01.2023 18.01.2023 Book
Pusat Sumber Maklumat Dato' Haji Sarmin Md Hussin, Akademi Kastam Diraja Malaysia, Melaka
Tel: 06-2331106 | Faks: 06-2313787